Development from below : (Record no. 126239)

MARC details
000 -LEADER
fixed length control field 00706nam a22002297a 4500
005 - DATE AND TIME OF LATEST TRANSACTION
control field 20170124110007.0
010 ## - LIBRARY OF CONGRESS CONTROL NUMBER
LC control number 181683
020 ## - INTERNATIONAL STANDARD BOOK NUMBER
Terms of availability 00.00
035 ## - SYSTEM CONTROL NUMBER
System control number 181683
037 ## - SOURCE OF ACQUISITION
Source of stock number/acquisition Cen Lib/Ret
040 ## - CATALOGING SOURCE
Original cataloging agency DPL
Language of cataloging EN
082 ## - DEWEY DECIMAL CLASSIFICATION NUMBER
Classification number 352
Item number HIC
100 ## - MAIN ENTRY--PERSONAL NAME
Personal name Hicks, Ursula K.
9 (RLIN) 17012
245 ## - TITLE STATEMENT
Title Development from below :
Statement of responsibility, etc by Ursula K. Hicks
Remainder of title local government and finance in developing countries of the commonwealth /
260 ## - PUBLICATION, DISTRIBUTION, ETC. (IMPRINT)
Place of publication, distribution, etc Oxford
Name of publisher, distributor, etc The clarendon press
Date of publication, distribution, etc 1961
270 ## - ADDRESS
City Oxford
300 ## - PHYSICAL DESCRIPTION
Extent xiii,549p. :
Dimensions 21cm(Hb)
500 ## - GENERAL NOTE
General note Includes index
650 ## - SUBJECT ADDED ENTRY--TOPICAL TERM
Topical term or geographic name as entry element Developing countries
9 (RLIN) 6550
650 ## - SUBJECT ADDED ENTRY--TOPICAL TERM
Topical term or geographic name as entry element Local finance--British colonies
9 (RLIN) 17013
942 ## - ADDED ENTRY ELEMENTS (KOHA)
Source of classification or shelving scheme Dewey Decimal Classification
Koha item type English Books
Classification part 352
Call number suffix HIC
Holdings
Withdrawn status Lost status Damaged status Not for loan Home library Current library Date acquired Source of acquisition Cost, normal purchase price Total Checkouts Full call number Barcode Date last seen Copy number Cost, replacement price Price effective from Koha item type
        Central Library Central Library 25/06/2015 Cen Lib/Ret 0.00   352 HIC 181683 25/06/2015 1 0.00 25/06/2015 English Books

© Delhi Public Library
Hit Counter
free hit counter